Health spaces Of The World (Record no. 353499)
[ view plain ]
| 000 -LEADER | |
|---|---|
| fixed length control field | 01401nam a22002657a 4500 |
| 003 - CONTROL NUMBER IDENTIFIER | |
| control field | OSt |
| 005 - DATE AND TIME OF LATEST TRANSACTION | |
| control field | 20180116192409.0 |
| 008 - FIXED-LENGTH DATA ELEMENTS--GENERAL INFORMATION | |
| fixed length control field | 120718t 2003xxu||||| |||| 00| 0 eng d |
| 020 ## - INTERNATIONAL STANDARD BOOK NUMBER | |
| International Standard Book Number | 1864701102 |
| 020 ## - INTERNATIONAL STANDARD BOOK NUMBER | |
| International Standard Book Number | 9781864701104 |
| 040 ## - CATALOGING SOURCE | |
| Transcribing agency | 0 |
| 082 ## - DEWEY DECIMAL CLASSIFICATION NUMBER | |
| Classification number | 725.51 |
| 100 ## - MAIN ENTRY--PERSONAL NAME | |
| 9 (RLIN) | 5636 |
| 110 1# - MAIN ENTRY--CORPORATE NAME | |
| Corporate name or jurisdiction name as entry element | Images Publishing Group. |
| 9 (RLIN) | 5660 |
| 245 ## - TITLE STATEMENT | |
| Title | Health spaces Of The World |
| Remainder of title | A pictorial review. |
| Statement of responsibility, etc. | Images Publishing Group. |
| Medium | Vol .2 |
| 260 ## - PUBLICATION, DISTRIBUTION, ETC. | |
| Place of publication, distribution, etc. | Victoria : |
| Name of publisher, distributor, etc. | Images Publishing Dist Ac, |
| Date of publication, distribution, etc. | 2003. |
| 300 ## - PHYSICAL DESCRIPTION | |
| Extent | 224 p. : |
| Other physical details | ill ; |
| Dimensions | 31 cm. |
| 440 1# - SERIES STATEMENT/ADDED ENTRY--TITLE | |
| Title | International spaces. |
| 9 (RLIN) | 5637 |
| 520 ## - SUMMARY, ETC. | |
| Summary, etc. | New designs for health facilities are in constant demand. The Health Spaces Series features projects that are considered to be among the best designs of our time for the modern health industry. Projects from around the world have been featured. Chapters focus on hospital spaces, day clinics, assisted accommodation, rehabilitation, pediatrics, day spa and relaxation centers, among others. In full colour with descriptive captions, this book will prove a major tool and directory to commissioning agents, architects and designers involved in the trillion-dollar health industry. |
| 650 ## - SUBJECT ADDED ENTRY--TOPICAL TERM | |
| Topical term or geographic name entry element | Architecture, Modern |
| 9 (RLIN) | 5638 |
| 650 ## - SUBJECT ADDED ENTRY--TOPICAL TERM | |
| Topical term or geographic name entry element | Rehabilitation. |
| 9 (RLIN) | 5639 |
| 650 ## - SUBJECT ADDED ENTRY--TOPICAL TERM | |
| Topical term or geographic name entry element | Health facilities |
| General subdivision | Design and construction |
| 9 (RLIN) | 5640 |
| 942 ## - ADDED ENTRY ELEMENTS (KOHA) | |
| Source of classification or shelving scheme | |
| Koha item type | Book |
| Withdrawn status | Lost status | Source of classification or shelving scheme | Materials specified (bound volume or other part) | Damaged status | Not for loan | Permanent Location | Current Location | Date acquired | Total Checkouts | Total Renewals | Full call number | Barcode | Date last seen | Date last checked out | Cost, replacement price | Price effective from | Koha item type |
|---|---|---|---|---|---|---|---|---|---|---|---|---|---|---|---|---|---|
| Vol .2 | School of Art Design and Architecture (SADA) | School of Art Design and Architecture (SADA) | 07/11/2012 | 7 | 3 | 725.51 IMA 2003 | SADA0001698 | 10/28/2025 | 10/28/2025 | 3692.00 | 07/18/2012 | Book |
